Data Science For Professionals (Record no. 350781)
[ view plain ]
| 000 -LEADER | |
|---|---|
| fixed length control field | 00464nam a2200169Ia 4500 |
| 008 - FIXED-LENGTH DATA ELEMENTS--GENERAL INFORMATION | |
| fixed length control field | 230718s9999 xx 000 0 und d |
| 020 ## - INTERNATIONAL STANDARD BOOK NUMBER | |
| International Standard Book Number | 9789352138975 |
| 041 ## - LANGUAGE CODE | |
| Language code of text/sound track or separate title | eng |
| 082 ## - DEWEY DECIMAL CLASSIFICATION NUMBER | |
| Classification number | 005.74 |
| Item number | DAS |
| 100 ## - MAIN ENTRY--PERSONAL NAME | |
| Personal name | Das N.C. |
| 245 ## - TITLE STATEMENT | |
| Title | Data Science For Professionals |
| Remainder of title | Experimental Designs With Least Resources |
| 260 ## - PUBLICATION, DISTRIBUTION, ETC. (IMPRINT) | |
| Date of publication, distribution, etc. | 2019 |
| Name of publisher, distributor, etc. | SPD |
| 300 ## - PHYSICAL DESCRIPTION | |
| Extent | 530 |
| 365 ## - TRADE PRICE | |
| Currency code | Rs. |
| Price amount | 1300.00 |
| 700 ## - ADDED ENTRY--PERSONAL NAME | |
| Personal name | Das N.C. |
| 906 ## - LOCAL DATA ELEMENT F, LDF (RLIN) | |
| d | O:0686714-Jan-2020B:10530-Dec-2019 |
| c | BIT |
| b | 650 |
| Withdrawn status | Lost status | Damaged status | Not for loan | Home library | Current library | Date acquired | Vendor | Budget Code | Cost, normal purchase price | Bill number | Total Checkouts | Full call number | Barcode | Date last seen | Discount | Cost, replacement price | Bill Date | Koha item type | Original Barcode |
|---|---|---|---|---|---|---|---|---|---|---|---|---|---|---|---|---|---|---|---|
| Cummins College of Engineering for Women Pune | Cummins College of Engineering for Women Pune | 14/01/2020 | Shiv Book Center | BIT | 975.00 | 105 | 005.74 | CCEP-BK-61988 | 18/07/2023 | 650 | 1300.00 | 30/12/2019 | Books | 061988 |